000 01019cab a22002175a 4500
001 L146674
008 090213e20090116xxk f v 000 0 eng d
035 _a(Sirsi) u146674
041 0 _aeng
100 1 _aRoss, Jonathan
245 0 0 _aWhere creditors are due
260 _c2009
490 0 _aProperty Week
_v75(3) 16 January 2009, 58(1)
520 _aSummarises the case of Innovate Logistics Ltd (In Administration) v Sunberry Properties Ltd [2008] EXCA Civ 1321, 18 November 2008. Case clarified the extent to which an administrator of an insolvent tenant can act in breach of the terms of the lease to safeguard or increase the sums available to the tenant's creditors. Case shows that the interests of creditors of an insolvent tenant may take precedence over those of a landlord.
590 _aKA
650 2 4 _aINSOLVENCY ACT 1986
651 4 _aEngland and Wales
_y1543-
690 _aMANAGEMENT-CORPORATE RECOVERY
690 _aPROPERTY-COMMERCIAL PROPERTY-COMMERCIAL LANDLORD AND TENANT
942 _n0
999 _c81237
_d81237